| Поле | Название | Значение |
| |
Тип записи |
i |
| |
Библиографический уровень |
m |
| 001 |
Контрольный номер |
LIBNET\0000436373 |
| 005 |
Дата корректировки |
20201206205022.0 |
| 010 |
Индекс ISBN |
__ |
| d |
Цена |
199-42 |
| 100 |
Данные общей обработки |
__ |
| a |
Данные общей обработки |
19161021d2014||||||| 0rusy0189 ca |
| 101 |
Язык документа |
1_ |
| a |
Язык текста |
rus |
| c |
Язык оригинала |
eng |
| 102 |
Страна публикации |
__ |
| a |
Страна публикации |
RU| |
| 105 |
Кодированные данные (монография) |
__ |
| a |
Кодированные данные (монография) |
nn|||||||||zy |
| 127 |
Кодированные данные (звукозаписи-физические характеристики) |
__ |
| a |
Продолжительность проигрывания |
10 ч |
| 200 |
Заглавие и сведения об ответственности |
1_ |
| a |
Заглавие |
Тайный дневник девушки по вызову |
| e |
Сведения, относящиеся к заглавию |
[18+] |
| f |
Первые сведения об ответственности |
Бель де Жур ; [читает Елена Калабина] |
| b |
Общее обозначение материала |
Звукозапись |
| 210 |
Выходные данные |
__ |
| a |
Место издания |
Москва |
| c |
Издательство |
Аудиокнига |
| d |
Дата издания |
2014 |
| 215 |
Физическое описание |
__ |
| a |
Объем |
1 электрон. опт. диск (Audio CD) |
| c |
Иллюстрации/тип воспроизводства |
зв. |
| d |
Формат |
12х14 см |
| 225 |
Серия |
__ |
| a |
Серия |
Бестселлер |
| 225 |
Серия |
__ |
| a |
Серия |
Аудиокнига |
| 230 |
Специфическая характеристика материала: электронные ресурсы |
__ |
| a |
Обозначение и объем ресурса |
Электронные звуковые данные |
| 300 |
Общие примечания |
__ |
| a |
Общие примечания |
Заглавие с этикетки диска |
| 323 |
Примечание о главных создателях, исполнителях, участниках |
__ |
| a |
Примечание о главных создателях, исполнителях, участниках |
Калабина, Е. (читает) |
| 330 |
Аннотация |
__ |
| a |
Аннотация |
Аудиокнига "Тайный дневник девушки по вызову" познакомит слушателей с громкой историей, которая благодаря развитию социальных сетей получила широкую огласку в мире. В Лондоне появился блог сексуального характера Belle de Jour, который ведет одна из самых востребованных в городе девушек по вызову. Она удивительно легко и непринужденно, с полным откровением пишет о том, как попала в этот теневой бизнес, о отношениях со своими клиентами, о том, за что именно мужчины готовы выкладывать большие деньги и как при такой работе можно иметь личную жизнь. Лишь недавно стал известен автор дневника: сотрудница университета, доктор медицины Брук Магнанти, которая работала девушкой по вызову, пока писала докторскую диссертаци. |
| 333 |
Примечание о целевом назначении |
__ |
| a |
Примечание о целевом назначении |
18+. Запрещено для детей |
| 337 |
Примечание о системных требованиях (электронные ресурсы) |
__ |
| a |
Примечание о системных требованиях (электронные ресурсы) |
Системные требования: CD-плеер с поддержкой MP3, или Pentium-233 c Windows 9x-XP ; CD-ROM ; звуковая карта |
| 606 |
Тематические рубрики |
__ |
| a |
Основная рубрика |
Художественная литература |
| 606 |
Тематические рубрики |
__ |
| a |
Основная рубрика |
Литература Европы (произведения) |
| y |
Географическая подрубрика |
Англия |
| 610 |
Ключевые слова |
__ |
| a |
Ключевые слова |
английская литература |
| a |
Ключевые слова |
блог-литература |
| a |
Ключевые слова |
женская проза |
| a |
Ключевые слова |
сетевая литература |
| a |
Ключевые слова |
тема мужчины |
| a |
Ключевые слова |
тема проституции |
| a |
Ключевые слова |
тема секса |
| 686 |
Индексы других классификаций |
__ |
| 2 |
Код системы |
rubbks |
| a |
Классификационный индекс |
84(4Вел)6-4я04 |
| 700 |
Автор |
_0 |
| a |
Фамилия |
Бель |
| g |
Полное личное имя |
де Жур |
| c |
Титул (звания) |
псевдоним |
| f |
Даты |
1975- |
| 4 |
Код отношения |
070 |
| 790 |
Имя лица - альтернативная форма |
__ |
| 4 |
Код отношения |
070 |
| a |
Имя лица - альтернативная форма |
Магнанти, Б. |
| 801 |
Источник записи |
_0 |
| a |
Страна |
RU |
| b |
Организация |
Муниципальное бюджетное учреждение культуры "Централизованная библиотечная система" г. Сургут (Центральная городская библиотека им. А. С. Пушкина) |
| c |
Дата составления |
20161021 |
| g |
Правила каталогизации |
КиК/Котельникова |
| 801 |
Источник записи |
_1 |
| a |
Страна |
RU |
| b |
Организация |
Муниципальное бюджетное учреждение культуры "Централизованная библиотечная система" г. Сургут (Центральная городская библиотека им. А. С. Пушкина) |
| c |
Дата составления |
20161021 |
| g |
Правила каталогизации |
КиК/Котельникова |
| 852 |
Данные о местонахождении |
__ |
| j |
Шифр хранения |
84(4Вел)6-4я04 |
| i |
Авторский знак |
Б 44 |
| 901 |
Тип документа |
__ |
| t |
Тип документа |
0 |
| 903 |
Характеристики (МАРС) |
__ |
| a |
Дата передачи |
20161021 |
| 969 |
Тип издания |
__ |
| a |
Тип издания |
аудиокнига; издание для слепых |
| 990 |
Данные о заказе (DOS) |
__ |
| j |
Количество экземпляров (DOS) |
2 |
| t |
N записи в КСУ для И/У (DOS) |
201610 |